[Event "Pripis Memorial"]
[Site "Moscow"]
[Date "2000.??.??"]
[Round "10"]
[White "Khruschiov, Alexey"]
[Black "Baikov, Vladimir A"]
[Result "0-1"]
[WhiteElo "2281"]
[BlackElo "2412"]
[PlyCount "126"]
[EventDate "2000.??.??"]
[EventType "tourn"]
[EventRounds "10"]
[EventCountry "RUS"]
[EventCategory "8"]
[SourceTitle "EXT 2001"]
[Source "ChessBase"]
[SourceDate "2000.11.22"]
[SourceVersion "1"]
[SourceVersionDate "2000.11.22"]
[SourceQuality "1"]

1. e4 c5 2. Nf3 d6 3. d4 cxd4 4. Nxd4 Nf6 5. Nc3 Nc6 6. Bg5 e6 7. Qd2 Be7 8. 0-0-0 0-0 9. f4 h6 10. h4 Nxd4 11. Qxd4 Qa5 12. Be2 Rd8 13. Qg1 b5 14. e5 dxe5 15. fxe5 hxg5 16. exf6 Bxf6 17. Bf3 Rb8 18. Qh2 Bb7 19. Rxd8+ Qxd8 20. Rd1 Qf8 21. Bxb7 Rxb7 22. Ne4 Qe7 23. hxg5 Bxg5+ 24. Nxg5 Qxg5+ 25. Kb1 f6 26. Qd6 Kf7 27. Qc6 Re7 28. a3 Qf5 29. Rd3 a5 30. Rb3 Qf1+ 31. Ka2 Qc4 32. Qxb5 Qxc2 33. Qxa5 Qxg2 34. Qh5+ Qg6 35. Qh8 Qh6 36. Qc8 Qg5 37. Rd3 Qb5 38. Rd8 f5 39. Qc2 Rd7 40. Rxd7+ Qxd7 41. Qh2 Qd5+ 42. b3 e5 43. Qh5+ Kf6 44. Qh4+ Kg6 45. Qg3+ Kf7 46. a4 f4 47. Qh3 e4 48. Qc3 f3 49. a5 f2 50. Qc7+ Ke8 51. Qb8+ Qd8 52. Qb5+ Kf7 53. Qf5+ Qf6 54. Qd7+ Kg6 55. Qg4+ Kh6 56. Qh3+ Kg6 57. Qg3+ Kh5 58. Qh3+ Qh4 59. Qf5+ Kh6 60. a6 Qh2 61. Ka3 Qd6+ 62. Kb2 Qd2+ 63. Ka3 Qc1+ 0-1

[Event "Pripis Memorial"]
[Site "Moscow"]
[Date "2000.??.??"]
[Round "1"]
[White "Zaitsev, Igor A"]
[Black "Baikov, Vladimir A"]
[Result "1-0"]
[WhiteElo "2417"]
[BlackElo "2412"]
[PlyCount "73"]
[EventDate "2000.??.??"]
[EventType "tourn"]
[EventRounds "10"]
[EventCountry "RUS"]
[EventCategory "8"]
[SourceTitle "EXT 2001"]
[Source "ChessBase"]
[SourceDate "2000.11.22"]
[SourceVersion "1"]
[SourceVersionDate "2000.11.22"]
[SourceQuality "1"]

1. e4 e5 2. Nf3 Nc6 3. Bb5 f5 4. Nc3 fxe4 5. Nxe4 Nf6 6. Qe2 Qe7 7. c4 d6 8. d4 exd4 9. Nxf6+ gxf6 10. Nxd4 Bd7 11. Be3 Nxd4 12. Bxd7+ Kxd7 13. Bxd4 Re8 14. Qxe7+ Rxe7+ 15. Kf1 Bg7 16. Re1 Rhe8 17. Rxe7+ Rxe7 18. f3 f5 19. Bxg7 Rxg7 20. Kf2 Kc6 21. Rd1 Kc5 22. Rd5+ Kxc4 23. Rxf5 d5 24. g4 Re7 25. h4 d4 26. b3+ Kc3 27. Rc5+ Kb2 28. Rd5 Kxa2 29. b4 Kb3 30. Rxd4 Kc3 31. Re4 Rxe4 32. fxe4 Kd4 33. Kf3 c5 34. bxc5 a5 35. g5 a4 36. h5 Ke5 37. h6 1-0